00750naa#a2200169#i#4500001001600000005001700016011001400033100004100047102000700088200014700095210013700242215001100379608002700390675010300417700003900520856002100559EN\\bibl\11976120260418192905.6##a2308-8877##a20260406b2026####ek#y0engy0150####ca##aRU1#aTHE IMPACT OF PRODUCTION LOCALIZATION UNDER EXTERNAL SANCTIONS ON THE OPERATIONAL PROCESSES OF RUSSIAN INDUSTRIAL ENTERPRISESeJournal article1#aVoronezhcFSBE Institution of Higher Education Voronezh State University of Forestry and Technologies named after G.F. Morozovd2026##a11 с.##aJournal article2local##aЭкономика. Народное хозяйство. Экономические науки. 33#1aPlotnikovgVladimir Aleksandrovich4#aanni.editorum.ru